000 00700nas a2200229 4500
001 BR8803742
003 BR-BrBNA
005 20231205091203.0
007 ta
008 230509b bl.|||p| |||| 00| 00por d
040 _aBR-BrBNA
_bpor
_cBiblioteca Nacional de Agricultura
041 _a(Pt)
072 _aH10
110 1 _aFundacao Instituto Agronomico do Parana, Curitiba (Brasil)
_94910
245 1 _aNematoides em cafe: problema com solucoes a vista
650 _aCAFE
650 _aNEMATOIDE
650 _aVARIEDADE RESISTENTE
773 0 _tLavoura (Brazil)
_xISSN 0023-9135
_g(Sep-Oct 1987), v. 90 p. 31-34
_wBR8803742
909 _a202311
_bLúcia
_c55
_dLúcia Elande
942 _2AGRIS
_n0
_cANA
999 _c123416
_d123416